|
|
|
|
| LEADER |
00866nam a2200193 a 4500 |
| 008 |
100526s1414 ii 000 0 ben d |
| 020 |
|
|
|a 8172930135
|
| 040 |
|
|
|a DB-DhAAL
|c DB-DhAAL
|
| 041 |
0 |
|
|a benben
|
| 082 |
0 |
4 |
|a 891.443
|2 22
|
| 100 |
1 |
|
|a বিশী, প্রমথনাথ
|
| 245 |
1 |
0 |
|a কেরী সাহেবের মুন্সী /
|c প্রমথনাথ বিশী
|
| 260 |
|
|
|a কলকাতা :
|b মিত্র ও ঘোষ পাবলিশার্স প্রাঃ লিঃ,
|c ১৪১৪
|
| 300 |
|
|
|a ৩৩৭ পৃ.;
|c ২২ সে.মি.
|
| 541 |
1 |
|
|e 00020335
|
| 650 |
|
0 |
|a Bengali fiction
|y 20th century
|
| 852 |
4 |
|
|a Ayesha Abed Library
|j General Shelf.
|
| 999 |
|
|
|c 8734
|d 8734
|
| 952 |
|
|
|0 0
|1 0
|2 ddc
|4 0
|6 891_443000000000000_BIS_1414
|7 0
|9 10549
|a BDI
|b BDI
|c GEN
|d 2010-05-26
|l 0
|o 891.443 BIS
|p 3010020335
|r 2010-05-26
|t 1
|w 2010-05-26
|y BK
|